000 00625nam a2200241Ia 4500
003 OSt
005 20221005093111.0
006 a|||||r|||| 00| 0
007 ta
008 221004b |||||||| |||| 00| 0 eng d
024 _a67000
037 _cTextual
040 _aCRL
_cCRL
_beng
041 _2eng
_aeng
082 _aV7:19(X).N9, M3
100 _aJaneway Eliot
_9292828
245 0 _aPrescriptions for prosperity
260 _aNew York
_bTimes Books USA
_c1983
300 _a348p.
_ccm.
650 _aHISTORY
942 _hV7:19(X).N9, M3
_cTEXL
_2cc
999 _c999828
_d999828